000 00555nam a22001697a 4500
005 20250529160852.0
010 _aENG-145053
020 _a9789385502156
_c500.00
035 _aEN-128585
037 _bDBAB
082 _a363.7
245 _aEnvironment People and Management/
_cEdited by Subrata Pan...[et.al]
260 _aNew Delhi
_bRenu Publishers
_c2016
270 _a90, Sainik Vihar, Mohan Garden
_bNew Delhi
_e110059
_k011-23256188
_mrenupublishers@gmail.com
300 _axxxiii,263p.
_c24cm(pb)
942 _2ddc
_cEN
_h363.7
_mENV
999 _c211448
_d211448